|
|
|
|
| LEADER |
00857cam a2200241 7i4500 |
| 001 |
0000036947 |
| 005 |
20221129090000.0 |
| 007 |
##ta |
| 008 |
220914t2022 eng |
| 020 |
# |
# |
|a 9781800713031
|
| 040 |
# |
# |
|a MATR
|
| 090 |
0 |
0 |
|a AFRI 338.4770096
|b MAD
|
| 100 |
1 |
# |
|a Madichie, Nnamdi
|e author
|
| 245 |
1 |
4 |
|a The Creative Industries and International Business Development in Africa
|c by Nnamdi O. Madichie and Robert Ebo Hinson.
|
| 264 |
# |
1 |
|a Bingley:
|b Emerald Publishing,
|c 2022.
|
| 300 |
# |
# |
|a xix, 169 pages:
|b illustrations;
|c 23 cm.
|
| 336 |
# |
# |
|a text
|2 rdacontent
|
| 337 |
# |
# |
|a unmediated
|2 rdamedia
|
| 338 |
# |
# |
|a volume
|2 rdacarrier
|
| 650 |
# |
0 |
|a International business enterprises --
|z Africa
|
| 650 |
# |
0 |
|a Cultural industries --
|z Africa
|
| 700 |
1 |
# |
|a Hinson, Robert Ebo
|
| 999 |
|
|
|a B000041927
|b Book
|c Regions
|e Business Information Centre
|